25 plus grandes villes des États-Unis (avec une carte) - Statistiques

Statistiques générales
  • Ce quiz a été pris 230 fois
  • Le résultat moyen est 17 sur 25
Réponses sur la Carte
Les réponses sont colorées sur une échelle allant du rouge au vert en fonction du pourcentage des utilisateurs qui les ont devinées à leur premier essai. Vous pouvez retrouver ces pourcentages ci-dessous.
 
Statistiques - réponses
État Ville Population % Correct
New York New York 8,5 million
99%
Californie Los Angeles 3,9 million
98%
Illinois Chicago 2,7 million
95%
Californie San Francisco 830 mille
91%
Nevada Las Vegas 680 mille
88%
Massachusetts Boston 670 mille
87%
Texas Dallas 1,3 million
86%
Washington Seattle 780 mille
82%
Texas Houston 2,4 million
81%
Michigan Détroit 645 mille
76%
Pennsylvanie Philadelphie 1,6 million
74%
Colorado Denver 730 mille
73%
Californie San Diego 1,4 million
71%
Arizona Phoenix 1,7 million
69%
Texas Austin 990 mille
64%
Indiana Indianapolis 890 mille
64%
Texas San Antonio 1,5 million
64%
Oklahoma Oklahoma City 710 mille
53%
Caroline du Nord Charlotte 940 mille
51%
Floride Jacksonville 1 million
49%
Californie San José 1 million
46%
Tennessee Nashville 700 mille
37%
Texas El Paso 680 mille
35%
Texas Fort Worth 1 million
33%
Ohio Columbus 930 mille
29%
Aucun quiz correspondant
Distribution des résultats
% des personnes avec chaque résultat
Percentile par nombre de réponses
Votre historique - résultats
Vous n’avez pas pris ce quiz